Sports Quiz

Random Sports or Football Quiz
Score 0/47 Timer 20:00
0 Plays Today
Player % Correct
Neil Redfearn
85.7%
Bruce Dyer
81.6%
Ashley Ward
81.6%
Ronnie Glavin
71.4%
Darren Barnard
63.3%
Craig Hignett
61.2%
Ian Banks
59.2%
Brian Howard
55.1%
Trevor Aylott
49%
Andy Liddell
49%
Chris O'Grady
49%
Andy Payton
49%
Mike Sheron
49%
David Currie
46.9%
Daniel Nardiello
46.9%
Andy Rammell
42.9%
Neil Shipperley
38.8%
Brian Joicey
36.7%
Owen Archdeacon
34.7%
Mick Butler
34.7%
Brendan O'Connell
34.7%
Eric Winstanley
34.7%
Andy Gray
30.6%
Derrick Parker
30.6%
Player % Correct
Andy Saville
30.6%
Steve Agnew
28.6%
Jon Macken
28.6%
Derek Bell
22.4%
Les Lea
20.4%
John Peachey
20.4%
Steve Lowndes
18.4%
Gordon Owen
18.4%
Bob Earnshaw
16.3%
John Evans
16.3%
Peter Price
16.3%
David Geddis
14.3%
Stuart Gray
14.3%
Eddie Loyden
14.3%
John MacDonald
12.2%
George Hamstead
10.2%
John Bettany
8.2%
Ken Brown
8.2%
Bobby Wood
8.2%
Dick Hewitt
6.1%
Tony Leighton
6.1%
George Kerr
0%
Eddie O'Hara
0%
Remove Ads.
Support Sporcle.
Get the best of Sporcle when you Go Orange. This ad-free experience offers more features, more stats, and more fun while also helping to support Sporcle. Thank you for becoming a member.

You're not logged in!

Compare scores with friends on all Sporcle quizzes.
OR
Log In

Show Comments

Extras

Top Quizzes Today


Score Distribution

Your Account Isn't Verified!

In order to create a playlist on Sporcle, you need to verify the email address you used during registration. Go to your Sporcle Settings to finish the process.

Report this User

Report this user for behavior that violates our Community Guidelines.

Details: